Nascar - Statistics

General Stats
  • This quiz has been taken 556 times
  • The average score is 14 of 15
Answer Stats
nascar names Answer % Correct
earnhardt Dale
100%
earnhardt jr Dale
100%
busch Kyle
100%
Larson kyle
100%
logano joey
99%
busch Kurt
99%
keselowski Brad
98%
Hamlin denny
98%
harvick Kevin
98%
Kenseth matt
96%
johnson jimmie
94%
edwards carl
93%
biffle greg
93%
martin mark
92%
byane trevor
84%
No matching quizzes found
Score Distribution
Percent of People with Each Score
Percentile by Number Answered
Your Score History
You have not taken this quiz